000 00766cac a2200241 a 4500
003 CO-PeBPM
005 20250820122955.0
008 231129e1986||||xx |||||||||||||| ||spa||
020 _a8482770918
040 0 _aCO-PeBPM
_bspa
_cCO-PeBPM
_erda
041 0 _aspa
082 0 4 _a301.431 V719ni
100 1 _aVillar Gaviria, Álvaro
_eautor
245 1 0 _aEl niño otro oprimido
_c/ Álvaro Villar Gaviria
250 _aReimpresión
260 _aBogotá, Colombia
_bCarlos Valencia Editores
_c1986
300 _a114 Páginas
_c; 20.5 centímetros
490 _aDonación Cartagena-Colección
504 _aIncluye Bibliografía
650 1 4 _aPadres e hijos
_2LEMB
650 1 4 _aPsicología infantil
_2LEMB
942 _2ddc
_cBK
999 _c11865
_d11865